000 00441nam a2200181Ia 4500
005 20230327094300.0
008 131103s9999 xx 000 0 und d
040 _aLoreto College
041 _aEnglish
082 _a822.91
_bMAT
100 _aMathew, Ray
245 _aSouth of the Equator
_cRay Mathew
260 _aLondon
_bAngus and Robertson
_c1961
300 _a72p.
650 _aEnglish poetry
850 _aLCLIB
942 _cBK
999 _c22113
_d72592